000
00332nam a22001457a 4500
003
OSt
005
20231026045009.0
008
231026b |||||||| |||| 00| 0 eng d
040
_c
IIMT UNIVERSITY
100
_a
GOYANDKA, JAYDAYAL
245
_a
VINAY
260
_a
GORAKHPUR
_b
GEETA PRESS
_c
1960
300
_a
591
942
_2
ddc
_c
09
999
_c
57528
_d
57528